El mundo en la Luna /
Guardado en:
| Autor Corporativo: | |
|---|---|
| Formato: | |
| Series: | Enciclopedia Visual Clarin
|
| Materias: | |
| Etiquetas: |
Agregar Etiqueta
Sin Etiquetas, Sea el primero en etiquetar este registro!
|
| LEADER | 01108ngm a22003135g 4500 | ||
|---|---|---|---|
| 001 | CEM.cems022685 | ||
| 008 | 130507b2004##################0###0#####d | ||
| 005 | 20241113193201.0 | ||
| 245 | 1 | 0 | |a El mundo en la Luna / |c Clarín. |
| 300 | |a 49'. | ||
| 490 | 0 | |a Enciclopedia Visual Clarin | |
| 500 | |a En soporte VHS, consultar en ventanilla. | ||
| 505 | 0 | |a Llegada del hombre a la Luna. El Cordobazo. Las organizaciones guerrilleras. El GAN. El pacto de Varsovia. El regreso de Perón al país. Masacre de Ezeiza. Múnich 72. Watergate. Guerra de Vietnam. | |
| 538 | |a Soporte: VHS - Norma: Pal N - Color: Si - Grabación DRD 2004 - Hitachi=0000 | ||
| 110 | 2 | |a Clarín. | |
| 082 | 9 | 4 | |/ CLA-4 |
| 653 | |a LUNA | ||
| 653 | |a HISTORIA | ||
| 653 | |a HISTORIA ARGENTINA | ||
| 653 | |a HISTORIA CONTEMPORANEA | ||
| 653 | |a GUERRA DE VIETNAM | ||
| 653 | |a WATERGATE | ||
| 653 | |a PERONISMO | ||
| 653 | |a SUBVERSION | ||
| 653 | |a CORDOBAZO | ||
| 653 | |a JUEGOS OLIMPICOS | ||
| 653 | |a NIVEL PRIMARIO | ||
| 653 | |a NIVEL SECUNDARIO | ||
| 859 | |a CEMS |b BIB. CEMS - Depto. Recursos Didacticos |h 940 |i CLA-4 |k DRD |p 1328.12 |t Ej.1 | ||
